书目信息 |
| 题名: |
现代竞技体操创新理论与科学化训练探索
|
|
| 作者: | 李翠玲, , 李吉, 著 | |
| 分册: | ||
| 出版信息: | 北京 中国水利水电出版社 2014.06 |
|
| 页数: | 239页 | |
| 开本: | 21cm | |
| 丛书名: | ||
| 单 册: | ||
| 中图分类: | G832.02 | |
| 科图分类: | ||
| 主题词: | 竞技体操--jing ji ti cao--运动训练--研究 | |
| 电子资源: | ||
| ISBN: | 978-7-5170-1982-4 | |
| 000 | 00946nam0 2200265 450 | |
| 001 | CAL 0120141357242 | |
| 005 | 20150826161427.06 | |
| 010 | @a978-7-5170-1982-4@dCNY36.00 | |
| 100 | @a20140801d2014 em y0chiy50 ea | |
| 101 | 0 | @achi |
| 102 | @aCN@b110000 | |
| 105 | @aak a 000yy | |
| 106 | @ar | |
| 200 | 1 | @a现代竞技体操创新理论与科学化训练探索@Axian dai jing ji ti cao chuang xin li lun yu ke xue hua xun lian tan suo@f李翠玲, 李吉著 |
| 210 | @a北京@c中国水利水电出版社@d2014.06 | |
| 215 | @a239页@c图@d21cm | |
| 320 | @a有书目 (第238-239页) | |
| 330 | @a本书在遵循体育运动一般规律的基础上对竞技体操的创新理论与科学化训练进行了探索, 具体涉及竞技体操的基本知识、研究现状等。 | |
| 586 | @a | |
| 606 | 0 | @a竞技体操@Ajing ji ti cao@x运动训练@x研究 |
| 690 | @aG832.02@v5 | |
| 701 | 0 | @a李翠玲,@Ali cui ling@f1961-@4著 |
| 701 | 0 | @a李吉,@Ali ji@f1968-@4著 |
| 801 | 0 | @aCN@c20150820 |
| 905 | @a河南城建学院图书馆@dG832.02@eL130@f3 | |
| 现代竞技体操创新理论与科学化训练探索/李翠玲, 李吉著.-北京:中国水利水电出版社,2014.06 |
| 239页:图;21cm |
| ISBN 978-7-5170-1982-4:CNY36.00 |
| 本书在遵循体育运动一般规律的基础上对竞技体操的创新理论与科学化训练进行了探索, 具体涉及竞技体操的基本知识、研究现状等。 |
| ● |
| 相关链接 |
|
|
|
正题名:现代竞技体操创新理论与科学化训练探索
索取号:G832.02/L130
 
预约/预借
| 序号 | 登录号 | 条形码 | 馆藏地/架位号 | 状态 | 备注 |
| 1 | 1233281 | 212332812 | 社科库409/409社科库 22排2列5层/ [索取号:G832.02/L130] | 在馆 | |
| 2 | 1233282 | 212332821 | 社科库409/409社科库 22排2列5层/ [索取号:G832.02/L130] | 在馆 | |
| 3 | 1233283 | 212332830 | 社科二线422/409社科库 22排2列5层/ [索取号:G832.02/L130] | 在馆 |